Normal view MARC view

Entry Personal Name

Number of records used in: 0

001 - CONTROL NUMBER

  • control field: 1620522

003 - CONTROL NUMBER IDENTIFIER

  • control field: NLI

005 - DATE AND TIME OF LATEST TRANSACTION

  • control field: 20250703134203.0

008 - FIXED-LENGTH DATA ELEMENTS

  • fixed length control field: 250703|| aca||aabn | a|a d

040 ## - CATALOGING SOURCE

  • Original cataloging agency: NLI
  • Transcribing agency: NLI

100 ## - HEADING--PERSONAL NAME

  • Personal name: Loganathan, M.S

670 ## - SOURCE DATA FOUND

  • Source citation: Work cat.: (NLI)1631140: International Conference on Sustainable Commerce Through AI: Uncover The Potential 1620521, 8th International Conference on Sustainable Commerce Through AI: Uncover The Potential :, 2024.
                                                                           
web counter

Copyright ©2020 The National Library of India, Govt. of India ↔ Hosted by NVLI, MOC ↔ Technology and Design by National Library of India, Ministry of Culture, Govt. of India